Films Disney en Dessins Minimalistes - Statistiques

Statistiques générales
  • Ce quiz a été pris 10 308 fois
  • Le résultat moyen est 12 sur 16
Statistiques - réponses
Par images Réponse % Correct
Blanche-Neige et les Sept Nains
94%
Peter Pan
93%
La Petite Sirène
91%
Aladdin
89%
Les Aristochats
88%
Hercule
81%
Robin des Bois
81%
La Belle au bois dormant
80%
Alice au pays des merveilles
78%
La Belle et la Bête
78%
Vaiana : La Légende du bout du monde
77%
Raiponce
76%
Merlin l'Enchanteur
67%
Pocahontas : Une légende indienne
64%
Le Bossu de Notre-Dame
59%
Mulan
48%
Aucun quiz correspondant
Distribution des résultats
% des personnes avec chaque résultat
Percentile par nombre de réponses
Votre historique - résultats
Vous n’avez pas pris ce quiz